| 000 | 00898cam a22002531 4500 | ||
|---|---|---|---|
| 001 | 1224613 | ||
| 005 | 19890210000000.0 | ||
| 008 | 711108t19661965nyub b 000 0 eng | ||
| 010 | _a 65027084 | ||
| 040 |
_aDLC _cDLC _dDLC |
||
| 043 | _af-sj--- | ||
| 050 | 0 | 0 |
_aDT108 _b.H46 1965 |
| 100 | 1 |
_aHenderson, K. D. D. _q(Kenneth David Druitt), _d1903- |
|
| 245 | 1 | 0 |
_aSudan Republic, _cby K. D. D. Henderson. |
| 260 |
_aNew York, _bF. A. Praeger _c[1966, c1965] |
||
| 300 |
_a256 p. ; _bmaps (part fold.) _c23 cm. |
||
| 440 | 0 | _aNations of the modern world | |
| 500 | _aIncludes index | ||
| 504 | _aBibliography: p. 229-233. | ||
| 651 | 0 |
_aSudan _xHistory _y1820- |
|
| 906 |
_a7 _bcbc _corignew _du _eocip _f19 _gy-gencatlg |
||
| 942 |
_2lcc _cBK |
||
| 999 |
_c24356 _d24356 |
||